| 000 | 01007cam a2200241Ii 4500 | ||
|---|---|---|---|
| 001 | completeencyclop20newy | ||
| 003 | CaSfIA | ||
| 005 | 20210117225143.0 | ||
| 007 | cr|||| | ||
| 008 | 790309m19759999nyua 000 0 eng d | ||
| 040 |
_aVHB _cVHB _dTCA _dCaSfIA |
||
| 035 | _a(OCoLC)4729768 | ||
| 050 | 4 |
_aNK60 _b.C65 |
|
| 082 | 0 | 4 |
_a746 _bC7375 |
| 245 | 0 | 4 |
_aThe complete encyclopedia of crafts. _h[electronic resource] |
| 260 |
_aNew York : _bColumbia House, _cc1975. |
||
| 300 |
_av. : _bill. (some col.) ; _c28 cm. |
||
| 650 | 0 | _aHandicraft. | |
| 856 | 4 | 1 |
_uhttp://www.archive.org/details/completeencyclop20newy _zFree eBook from the Internet Archive _3Volume 20 |
| 942 | _cEB | ||
| 506 | _fНеобхідна авторизація на https://archive.org/ (створення облікового запису безкоштовно) | ||
| 506 | _fНеобхідна авторизація на https://openlibrary.org/ (створення облікового запису безкоштовно) | ||
| 999 |
_c483036 _d483036 |
||